Normal view
MARC view
Entry Topical Term
001 - CONTROL NUMBER
- control field: 38624
003 - CONTROL NUMBER IDENTIFIER
- control field: ARRUPE
005 - DATE AND TIME OF LATEST TRANSACTION
- control field: 20180117122614.0
008 - FIXED-LENGTH DATA ELEMENTS
- fixed length control field: 180117|| aca||aabn | a|a d
040 ## - CATALOGING SOURCE
- Original cataloging agency: ARRUPE
- Transcribing agency: ARRUPE
150 ## - HEADING--TOPICAL TERM
- Topical term or geographic name as entry element: Clothing and dresses
- General subdivision: Psychology
670 ## - SOURCE DATA FOUND
- Source citation: Work cat.: (ARRUPE)2499: Barthes, Roland 38622, Systeme de la mode /